|
|
|
|
| LEADER |
00000nam0a2200000 4500 |
| 001 |
374519 |
| 005 |
20231101051204.0 |
| 035 |
|
|
|a (RuTPU)RU\TPU\retro\31953
|
| 035 |
|
|
|a RU\TPU\book\207122
|
| 090 |
|
|
|a 374519
|
| 100 |
|
|
|a 20221219d1958 km y0rusy50 ca
|
| 101 |
0 |
|
|a rus
|
| 102 |
|
|
|a RU
|
| 105 |
|
|
|a b z 001zy
|
| 200 |
1 |
|
|a Государственная геологическая карта СССР масштаба 1: 1 000 000
|e объяснительная записка, лист Q - 43 (Новый Порт)
|f Всесоюзный научно-исследовательский геологический институт (ВСЕГЕИ) ; сост. Ф. А. Алявдин, Н. П. Мокин ; под ред. С. В. Яковлевой
|
| 210 |
|
|
|a Москва
|c Госгеолтехиздат
|d 1958
|
| 215 |
|
|
|a 56 с.
|c ил., карта
|e 1 вкл.
|
| 320 |
|
|
|a Библиогр.: с. 54-56.
|
| 610 |
1 |
|
|a СССР
|
| 610 |
1 |
|
|a карты
|
| 610 |
1 |
|
|a геологические карты
|
| 610 |
1 |
|
|a Западно-Сибирская низменность
|
| 610 |
1 |
|
|a геологическая изученность
|
| 610 |
1 |
|
|a стратиграфия
|
| 610 |
1 |
|
|a тектоника
|
| 610 |
1 |
|
|a геологическое развитие
|
| 610 |
1 |
|
|a история
|
| 610 |
1 |
|
|a полезные ископаемые
|
| 610 |
1 |
|
|a гидрогеология
|
| 675 |
|
|
|a 55:528
|v 3
|
| 702 |
|
1 |
|a Алявдин
|b Ф. А.
|4 220
|
| 702 |
|
1 |
|a Мокин
|b Н. П.
|4 220
|
| 702 |
|
1 |
|a Яковлева
|b С. В.
|4 340
|
| 712 |
0 |
2 |
|a Всесоюзный научно-исследовательский геологический институт (ВСЕГЕИ)
|c (Ленинград)
|c (1939-1991)
|2 stltpush
|3 (RuTPU)RU\TPU\col\11367
|
| 801 |
|
1 |
|a RU
|b 63413507
|c 20110118
|
| 801 |
|
2 |
|a RU
|b 63413507
|c 20221219
|g RCR
|
| 942 |
|
|
|c BK
|